000 00203nam a22000977a 4500
020 _a9788123700267
082 _aK500
100 _aNARLIKAR, JAYANT
245 _aA JOURNEY THROUGH THE UNIVERSE
942 _cBK
999 _c5622
_d5622